| 000 | 00812cam a2200277 i 4500 | ||
|---|---|---|---|
| 942 | _cBK | ||
| 999 |
_c161 _d161 |
||
| 001 | 19091900 | ||
| 003 | OSt | ||
| 005 | 20250420134758.0 | ||
| 008 | 160512s2016 maua 001 0 eng | ||
| 010 | _a 2016304788 | ||
| 020 | _a9780134384689 | ||
| 040 |
_aDLC _beng _cKCST _erda _dDLC |
||
| 042 | _apcc | ||
| 050 | 0 | 0 |
_aQA76.9.A43 _bS429 2016 |
| 082 | 0 | 0 |
_a005.1 _223 _bSe Al |
| 100 | 1 |
_aSedgewick, Robert, _d1946-, _eauthor. _9631 |
|
| 245 | 1 | 0 |
_aAlgorithms / _cRobert Sedgewick and Kevin Wayne. |
| 250 | _aFourth edition deluxe. | ||
| 260 |
_aBoston : _bAddison-Wesley, _c[2016] |
||
| 300 |
_axiii, 955 pages : _billustrations ; _c24 cm |
||
| 500 | _aIncludes index. | ||
| 650 | 0 |
_aComputer algorithms _vTextbooks. _9632 |
|
| 700 | 1 |
_aWayne, Kevin Daniel, _d1971-, _eauthor. _9633 |
|
| 942 | _2ddc | ||